Purifikácia lignínu pomocou zelených rozpúšťadiel

Gespeichert in:
Bibliographische Detailangaben
1. Verfasser: Chornovil, Roman (Verfasst von)
Weitere Verfasser: Majová, Veronika (Betreuung Doktorarbeit)
Format: Manuskript Buch
Sprache:Slowakisch
Veröffentlicht: 2025
Schlagworte:
Online-Zugang:http://is.stuba.sk/zp/portal_zp.pl?podrobnosti=190709
Tags: Tag hinzufügen
Keine Tags, Fügen Sie das erste Tag hinzu!

MARC

LEADER 00000ntm a22000003a 4500
001 stuzp105171
003 SK-STU
005 20250607211237.5
007 ta
008 150427s2015----xo-----f-mn---000-0-slo-d
040 |a STU  |b slo 
041 0 |a slo 
100 1 |a Chornovil, Roman  |u 049380  |k Z4  |4 aut  |U FCHPT Ústav prírodných a syntetických polymérov  |T FCHPT Oddelenie dreva, celulózy a papiera  |X 99071  |U C9380  |Y 129  |7 99071 
242 0 1 |a Purification of lignin using green solvents  |y eng 
245 1 0 |a Purifikácia lignínu pomocou zelených rozpúšťadiel 
260 |c 2025 
650 4 |a Purification of lignin  |2 eng 
650 4 |a Lignin  |2 eng 
650 4 |a DESs  |2 eng 
650 4 |a Purifikacia ligninu  |2 slo 
650 4 |a DESs  |2 slo 
650 4 |a Lignin  |2 slo 
700 1 |a Majová, Veronika  |u 049380  |k Z2  |4 ths  |U FCHPT Ústav prírodných a syntetických polymérov  |T FCHPT Oddelenie dreva, celulózy a papiera  |X 43522  |U C9380  |Y 129  |7 A0000043522 
856 4 |u http://is.stuba.sk/zp/portal_zp.pl?podrobnosti=190709